Statistics for 2016-2017 Golden State Warriors Roster

Click here to take the quiz!

General Stats

  • This quiz has been taken 77 times
  • The average score is 10 of 15

Answer Stats

Hint Answer % Correct
StarterStephen Curry
100%
StarterKlay Thompson
99%
StarterDraymond Green
99%
StarterKevin Durant
97%
BenchAndre Iguodala
78%
BenchShaun Livingston
76%
StarterZaza Pachulia
72%
BenchJaVale McGee
68%
BenchKevon Looney
63%
BenchDavid West
49%
BenchPatrick McCaw
44%
BenchDamian Jones
37%
BenchIan Clark
32%
BenchJames Michael McAdoo
32%
BenchAnderson Varejao
21%

Score Distribution

Percentile by Number Answered

Percent of People with Each Score

Your Score History

You have not taken this quiz